| 000 | 00718cam a22002534a 4500 | ||
|---|---|---|---|
| 001 | 12847873 | ||
| 005 | 20180125065544.0 | ||
| 008 | 020709s2004 maua b 001 0 eng | ||
| 010 | _a 2002109652 | ||
| 020 | _a0618310746 | ||
| 035 | _a(DLC) 2002109652 | ||
| 040 |
_aDLC _cDLC _dDLC |
||
| 041 | _aeng | ||
| 042 | _apcc | ||
| 080 | _a657 bel | ||
| 082 | 0 | 0 |
_a657 bel _222 |
| 100 | 1 | _a62 | |
| 101 | _akon | ||
| 245 | 1 | 0 |
_aFinancial accounting / _cBelverd E. Needles, Jr., Marion Powers. |
| 504 | _aIncludes bibliographical references and index. | ||
| 906 |
_a7 _bcbc _corignew _d2 _eepcn _f20 _gy-gencatlg |
||
| 942 |
_2ddc _cBK |
||
| 999 |
_c40923 _d40923 |
||